00943nam a22002654a 450000100060000000300080000600500170001400800390003103500140007003500190008404000330010304100080013608200130014424501200015726000560027730000290033350400370036265000280039965000280042765000220045570000270047794200120050499900170051695201440053312516BD-RjUL20211208235316.0140129s1960 nyua b 001 0 eng a(BD-RjUL) a(BD-RjUL)12665 aLCbengcLCdABN:SNdBD-RjUL aeng04a614bSOC00aSociological studies of health and sickness :ba source book for the health professions /cedited by Dorrian Apple. aNew York :bMcGraw-Hill, Blakiston Division,c1960. a350 p. :bill. ;c24 cm. aIncludes bibliography and index. 0aSocial medicine.938964 2aSocial medicine.938965 2aSociology.9389661 aApple, Dorrian.938967 2ddccBK c12516d12516 00102ddc40718NFICaRUCLbRUCLcReadingd1963-01-22eMirza Book agencyg37.50l0o614 SOC 1960r2014-01-29 00:00:00tC-1w2014-01-29yBK